000 01444cam a22003974i 4500
999 _c531785
_d531785
001 17512524
003 NUST
005 20191028102144.0
008 121030s2013 njua 001 0 eng
010 _a 2012032753
020 _a9781118447000 (cloth)
038 _aMSOHAIL
040 _aDLC
_beng
_cDLC
_erda
_dDLC
042 _apcc
050 0 0 _aG109.5
_b.G74 2013
082 0 0 _a910.285
_223
100 1 _aGrewal, Mohinder S.
_924840
240 1 0 _aGlobal positioning systems, inertial navigation, and integration
245 1 0 _aGlobal navigation satellite systems, inertial navigation, and integration /
_cMohinder S. Grewal, Angus P. Andrews, Chris Bartone.
250 _aThird edition.
264 1 _aHoboken :
_bJohn Wiley & Sons,
_c2013.
300 _axl, 561 pages :
_billustrations ;
_c24 cm
336 _atext
_2rdacontent
337 _aunmediated
_2rdamedia
338 _avolume
_2rdacarrier
500 _aIncludes index.
500 _aOriginally published under title: Global positioning systems, inertial navigation, and integration.
650 0 _aGlobal Positioning System.
_921037
650 0 _aInertial navigation.
_924838
650 0 _aKalman filtering.
_924841
700 1 _aAndrews, Angus P.
_924842
700 1 _aBartone, Chris.
_924843
906 _a7
_bcbc
_corignew
_d1
_eecip
_f20
_gy-gencatlg
942 _2ddc
_cBK